000
00251nmm a2200085Ia 4500
008
220120s9999||||xx |||||||||||||||||und||
100
_a
Tompkins, Willis, J
_9
2126
245
0
_a
Biomedical digital signal processing
260
_a
Tata mcgraw hill company Ltd.
999
_c
139556
_d
139556